Imperialism, decolonization and Africa : studies presented to John Hargreaves : with an academic memoir and bibliography

Αποθηκεύτηκε σε:
Λεπτομέρειες βιβλιογραφικής εγγραφής
Άλλοι συγγραφείς: Bridges, R. C. (Roy C.) (Επιμελητής έκδοσης)
Μορφή: Βιβλίο
Γλώσσα:English
Δημοσίευση: Houndmills : Palgrave, c2000
Σειρά:Cambridge Commonwealth series
Θέματα:
Ετικέτες: Προσθήκη ετικέτας
Δεν υπάρχουν, Καταχωρήστε ετικέτα πρώτοι!

MARC

LEADER 00000nam a2200000 i 4500
001 1/35608
008 030513s2000 eng d
020 |a 0-333-74113-7 
035 |l 10069909 
040 |a GR-MY-UA  |b gre  |e aacr 
041 0 |a eng 
082 0 |a 325.32094096  |2 (21) 
245 1 0 |a Imperialism, decolonization and Africa :  |b studies presented to John Hargreaves : with an academic memoir and bibliography /  |c edited by Roy Bridges ; foreword by C. Duncan Rice 
260 |a Houndmills :   |b Palgrave,   |c c2000 
300 |a xv, 213 σ.;  |c 23 εκ. 
490 1 |a Cambridge Commonwealth series 
504 |a Περιέχει βιβλιογραφία και ευρετήριο 
600 1 0 |a Hargreaves John D. 
600 1 0 |a Hargreaves John D.  |x Bibliography. 
650 0 0 |a Colonies  |z Africa. 
650 0 0 |a Decolonization  |z Africa. 
651 0 |a Africa  |x Colonization. 
700 1 |a Bridges, R. C.  |q (Roy C.)  |4 edt 
830 0 |a Cambridge Commonwealth series 
852 |a INST  |b LESVOS  |e 20030513  |h 325.32094096 IMP  |p 005100026855  |q 005100026855  |t BK  |y 0 
901 |a BIBL1-2003-3 
909 |a Λ  |b 104551 
922 |a 1ΕΛΗ  |b 200304  |c ΕΠΕΑΕΚ2/ΤΚΑ  |d ΠΑΠΑΣΩΤΗΡΙΟΥ & ΕΛΕΥΘΕΡΟΥΔΑΚΗΣ 
950 |a 117-2002-09-20 
970 |a ΧΡΙΣΤΟΦΑ  |b ΝΙΚΗ  |z 2003/09/01